• 首页
  • 本馆介绍
  • 公告通知
  • 最新文献
  • 馆藏检索
  • 电子资源
  • 读者导购
  • 参考咨询
  • 我的图书馆
  • 登录
  • 详细信息显示
  • 放入我的书架
  • 预约/预借图书
  • 作者相关作品
  • 分类相关作品
  • 丛书相关作品
  • 出版社相关作品

书目信息

  • 表格格式
  • 工作单格式
  • 卡片格式
题名:
气体脱硫过程分析方法
    
 
作者: 张龙 主编
分册:  
出版信息: 北京   化学工业出版社  2006
页数: 201页
开本: 20cm
丛书名:
单 册:
中图分类: TQ028.2
科图分类:
主题词: 气体--脱硫--过程--分析方法 , 气体 , 脱硫 , 分析方法
电子资源:
ISBN: 7-5025-9535-X
000 00863nam0 2200265 450
001 012007254988
005 20070522171315.20
010    @a7-5025-9535-X@dCNY19.00
100    @a20070514d2006 km y0chiy0120 ea
101 0  @achi
102    @aCN@b110000
105    @ay z 000yy
106    @ar
200 1  @a气体脱硫过程分析方法@Aqi ti tuo liu guo cheng fen xi fang fa@f张龙主编@Fzhang long zhu bian
210    @a北京@c化学工业出版社@d2006
215    @a201页@d20cm
330    @a本书系统地介绍了脱硫过程中气体成分的化学分析与仪器分析方法,脱硫液中各种成分及有关物理性质的分析及测定方法,常用脱硫催化剂溶液的成分分析方法等。
606 0  @a气体@x脱硫@x过程@x分析方法
606 0  @a气体
606 0  @a脱硫
606 0  @a分析方法
690    @aTQ028.2@v4
701  0 @a张龙@Azhang long@f(1963~)@4主编
801  0 @aCN@bRULIN@c20070522
905    @dTQ028.2@e136@s8
    
    气体脱硫过程分析方法/张龙主编.-北京:化学工业出版社,2006
    201页;20cm
    
    
    ISBN 7-5025-9535-X:CNY19.00
    本书系统地介绍了脱硫过程中气体成分的化学分析与仪器分析方法,脱硫液中各种成分及有关物理性质的分析及测定方法,常用脱硫催化剂溶液的成分分析方法等。
●
相关链接 在E读中查询图书 在五车中查询图书 在当当中查询图书 在豆瓣中查询图书


正题名:气体脱硫过程分析方法     索取号:TQ028.2/136         预约/预借

序号 登录号 条形码 馆藏地/架位号 状态 备注
1 0573697   205736970   第二样本阅览室/ [索取号:TQ028.2/136] 在馆    
2 0573698   205736989   第三借阅区/ [索取号:TQ028.2/136] 在馆    
3 0573699   205736998   密集书库/ [索取号:TQ028.2/136] 在馆    
4 0573700   205737005   密集书库/ [索取号:TQ028.2/136] 在馆    
5 0573701   205737014   第三借阅区/ [索取号:TQ028.2/136] 在馆    
6 0573702   205737023   第三借阅区/ [索取号:TQ028.2/136] 在馆    
7 0573703   205737032   密集书库/ [索取号:TQ028.2/136] 在馆    
8 0573704   205737041   第三借阅区/ [索取号:TQ028.2/136] 在馆    
唐山师范学院图书馆 欢迎您!
大连网信软件有限公司© 版权所有